000 00904cam a2200277 a 4500
003 MX-MxUPN
005 20230926063623.0
008 040830s1993 es r 000 0 spa d
020 _a8479600160
035 _aUPN01000134449
040 _aMX-MxUPN
_bspa
050 4 _aB105 C45
_bL57 1993
100 1 _aLipman, Matthew,
_d1922-2010
_929038
100 1 _aSharp, Ann Margaret,
_d1942-2010
_932865
245 1 0 _aAsombrándose ante el mundo :
_bmanual para acompañar a Kio y Gus
260 _aMadrid :
_bEdiciones de la Torre,
_c[1993].
300 _a621 páginas
490 _aProyecto didáctico Quirón.
_vPrograma filosofía para niños
650 4 _aNiños y filosofía
_97350
650 7 _aEstrategias educativas
_91510
700 1 _aTasset Carmona, José Luis
_950065
_4traducción
902 _bVíctorGodínez/250923
905 _aLibro
942 _2lcc
_cLIBRO
999 _c106600
_d106600